Central Library OPAC University of Rajshahi

মুঘল দরবারে দল ও রাজনীতি ১৭০৭-১৭৪০ / (Record no. 44311)

MARC details
000 -LEADER
fixed length control field 01164nam a2200265 a 4500
001 - CONTROL NUMBER
control field 44311
003 - CONTROL NUMBER IDENTIFIER
rucl marc code BD-RjUL
005 - DATE AND TIME OF LATEST TRANSACTION
control field 20211209053832.0
008 - FIXED-LENGTH DATA ELEMENTS--GENERAL INFORMATION
fixed length control field 160616s1988 ii ||||| |||| 00| 0 ben d
020 ## - INTERNATIONAL STANDARD BOOK NUMBER
International Standard Book Number 8170740290
035 ## - SYSTEM CONTROL NUMBER
System control number (BD-RjUL) 44429
040 ## - CATALOGING SOURCE
Original cataloging agency BD-RjUL
Language of cataloging ben
Transcribing agency BD-RjUL
041 ## - LANGUAGE CODE
Language code of text/sound track or separate title ben
082 ## - DEWEY DECIMAL CLASSIFICATION NUMBER
Edition number 23
Classification number 954.023
Author mark and year CHM 1988
100 ## - MAIN ENTRY--PERSONAL NAME
Personal name চন্দ্র, সতীশ
9 (RLIN) 122907
245 10 - TITLE STATEMENT
Title মুঘল দরবারে দল ও রাজনীতি ১৭০৭-১৭৪০ /
Statement of responsibility, etc. সতীশ চন্দ্র
250 ## - EDITION STATEMENT
Edition statement ২য় পরিমার্জিত সং
260 ## - PUBLICATION, DISTRIBUTION, ETC. (IMPRINT)
Place of publication, distribution, etc. কলকাতা :
Name of publisher, distributor, etc. কে পি বাগচী,
Date of publication, distribution, etc. ১৯৮৮
300 ## - PHYSICAL DESCRIPTION
Pagination xv, ৩৩৮ পৃ. ;
Size ২১ সেমি
650 ## - SUBJECT ADDED ENTRY--TOPICAL TERM
Topical term or geographic name as entry element মুঘল ইতিহাস
Geographic subdivision ভারত
9 (RLIN) 122908
Chronological subdivision ১৭০৭-১৭৪০
Topical term or geographic name as entry element Mogul Empire
9 (RLIN) 122909
Chronological subdivision 1707-1740
Geographic subdivision India
700 ## - ADDED ENTRY--PERSONAL NAME
Personal name বন্দ্যোপাধ্যায়, চন্দ্রিকাপ্রসাদ, অনুবাদক
Personal name চক্রবর্তী, হিমাচল, সম্পাদক
942 ## - ADDED ENTRY ELEMENTS (KOHA)
Source of classification or shelving scheme Dewey Decimal Classification
Koha item type Books
Holdings
Lost status Source of classification or shelving scheme Damaged status Not for loan Collection code Permanent Location Current Location Shelving location Date acquired Source of acquisition Cost, normal purchase price Total Checkouts Full call number Date last seen Copy number Koha item type
  Dewey Decimal Classification     Non-fiction Central Library, University of Rajshahi Central Library, University of Rajshahi   30/01/1997 Angkur Prokashan, Dhaka 80.00   B 954.023 CHM 1988 16/07/2016 C-2 Books
  Dewey Decimal Classification     Non-fiction Central Library, University of Rajshahi Central Library, University of Rajshahi   30/01/1997 Ankur 80.00   B 954.023 CHM 1988 12/11/2016 C-3 Books